Music Quiz

Random Music or Rock Quiz
Score 0/20 Timer 02:30
1 Play Today
Question Answer Wrong Answers
I Will Always Love ___
Whitney Houston
You
96.6%
Chocolate
0.1%
Myself
0.2%
Shopping
0.1%
Don't Go Breaking My ___
Elton John
Heart
96.5%
Glasses
0.2%
Chains
0.2%
Chinaware
0.1%
Another One Bites the ___
Queen
Dust
96.4%
Hamburger
0.2%
Bullet
0.3%
Hand
0.2%
Ain't No ___ High Enough
Diana Ross
Mountain
95%
Hill
0.7%
Tower
0.4%
Valley
1%
(I Can't Get No) ___
The Rolling Stones
Satisfaction
94.6%
Wine
0.2%
Rest
1.2%
Women
0.9%
Drop It Like It's ___
Snoop Dogg feat. Pharrell
Hot
93%
Slippery
1%
Wet
1.5%
Illegal
1.4%
I'm a ___ 4 U
Britney Spears
Slave
92.4%
Teacher
0.6%
Lady
3.4%
Foreigner
0.6%
We Didn't Start the ___
Billy Joel
Fire
91.2%
Show
1.1%
War
4.6%
Series
0.1%
Don't Cry for Me ___
Madonna
Argentina
87.9%
Madonna
2.4%
Children
6.5%
Onion
0.3%
They Don't Care About ___
Michael Jackson
Us
87.9%
Nothing
8.2%
Dogs
0.3%
Themself
0.7%
2 of Amerikaz Most ___
2Pac feat. Snoop Dogg
Wanted
84.1%
Hated
5.7%
Loved
2.1%
Feared
4.5%
The ___ That Never Comes
Metallica
Day
78.5%
Bus
8.6%
Baby
0.7%
Letter
8.8%
I Can See for ___
The Who
Miles
76.6%
Ages
2.7%
Myself
14.8%
You
2.9%
If You Had My ___
Jennifer Lopez
Love
70.8%
Number
23.1%
Kiss
2.1%
Keys
0.9%
The Battle of New ___
Jimmy Driftwood
Orleans
60.4%
York
19%
Amsterdam
10.5%
Jersey
6.6%
___ Is a Warm Gun
The Beatles
Happiness
57%
Joy
3.8%
Love
32.2%
Magnum
3.7%
I Wanna Be Your ___
The Stooges
Dog
49.4%
Husband
30.9%
Priest
12.8%
Cook
3.4%
___ Is a Punk Rocker
Ramones
Sheena
44.5%
Ramon
14.2%
Lincoln
12.3%
Gandhi
25.4%
Smoke! Smoke! Smoke! (That ___)
Tex Williams & His Western Caravan
Cigarette
34.2%
Smells
8%
Cigar
26%
Pipe
28.2%
(___ Man) In Hammersmith Palais
The Clash
White
23.1%
Old
42.7%
English
24.1%
Hungry
6.2%
Remove Ads.
Support Sporcle.
Get the best of Sporcle when you Go Orange. This ad-free experience offers more features, more stats, and more fun while also helping to support Sporcle. Thank you for becoming a member.

You're not logged in!

Compare scores with friends on all Sporcle quizzes.
OR
Log In

Show Comments

Extras

Top Quizzes Today


Score Distribution

Your Account Isn't Verified!

In order to create a playlist on Sporcle, you need to verify the email address you used during registration. Go to your Sporcle Settings to finish the process.

Report this User

Report this user for behavior that violates our Community Guidelines.

Details: